000 00987nam a22002417a 4500
005 20240530110541.0
008 160514s2012 ua ak g b 000 0 ara d
017 _a2012/20685
_bمصر . دار الكتب المصرية
020 _a9789773504947
040 _aEG-CaGPL
082 0 4 _221
_a006.6\
_bى إ
100 0 _aياسر سهيل .
245 1 2 _aالابتكار و فن التصميم باستخدام الكمبيوتر :
_bتطبيقات على استخدام الكمبيوتر فى الفنون /
_cياسر سهيل
250 _aط.1
260 _aالقاهرة :
_bدار الكتاب الحديث ،
_c2012 .
300 _a172 ص ؛
_c24 سم .
504 _aببليوجرافية : ص 165 - 170
650 0 4 _aالحاسبات الالكترونية .
650 0 4 _aالحاسبات الالكترونية
_xتصميمات هندسية .
650 0 4 _aالرسومات الفنية .
942 _2ddc
_cBK
999 _c62263
_d62263